El magnetismo de José Martí /
El autor trata de explicar en este libro por medio de la microfísica atómica las propiedades parapsicológicas del escritor y patriota cubano José Martí (1853-1895). La obra incluye un recorrido por la personalidad de Martí. El desarrollo del libro parte de experiencias personales del autor sobre la...
Uloženo v:
| Hlavní autor: | |
|---|---|
| Médium: | Kniha |
| Jazyk: | španělština |
| Vydáno: |
Miami, EUA :
Universal,
1984, c1984
|
| Edice: | (Cuba y sus Jueces)
|
| Témata: | |
| Tagy: |
Žádné tagy, Buďte první, kdo vytvoří štítek k tomuto záznamu!
|
MARC
| LEADER | 00000nam^a2200000^a^4500 | ||
|---|---|---|---|
| 001 | 000154278 | ||
| 005 | 20250521000000.0 | ||
| 009 | 20260310100347.758 | ||
| 020 | |a 0-89729-361-4 | ||
| 037 | |a Acervo ITESO - Biblioteca | ||
| 041 | |a ESP | ||
| 082 | |a 972. 9105 |b AGU | ||
| 100 | |a Aguirre Medrano, Fidel |e (autor) | ||
| 245 | 1 | 3 | |a El magnetismo de José Martí / |c F. Aguirre Medrano. |
| 264 | 4 | |a Miami, EUA : |b Universal, |c 1984, c1984 | |
| 300 | |a 207 p. | ||
| 336 | |a texto |b txt |2 rdacontenido | ||
| 337 | |a sin mediación |b n |2 rdamedio | ||
| 338 | |a volumen |b nc |2 rdasoporte | ||
| 440 | 1 | |a (Cuba y sus Jueces) | |
| 520 | |a El autor trata de explicar en este libro por medio de la microfísica atómica las propiedades parapsicológicas del escritor y patriota cubano José Martí (1853-1895). La obra incluye un recorrido por la personalidad de Martí. El desarrollo del libro parte de experiencias personales del autor sobre la actividad de la mente humana y trata de explicarnos el magnetismo en la personalidad del poeta cubano. Incluye una explicación de la resonancia magnética nuclear, campo que como radiólogo domina. | ||
| 649 | |a XX | ||
| 650 | |a Independentistas Cubanos - |x Biografías | ||
| 650 | |a Revolucionarios Cubanos - |x Biografías | ||
| 650 | |a Políticos Cubanos - |x Biografías | ||
| 650 | |a Escritores Cubanos - |x Biografías | ||
| 650 | |a Personalidad | ||
| 650 | |a Identidad Personal | ||
| 650 | |a Imagen Personal | ||
| 650 | |a Persuasión | ||
| 650 | |a Percepción Extrasensorial | ||
| 650 | |a Adivinación | ||
| 650 | |a Liderazgo | ||
| 650 | |a Comunicación Personal | ||
| 650 | |a Literatura Cubana - |x Historia y Crítica | ||
| 650 | |a Literatura Cubana - |y Siglo XIX | ||
| 650 | |a Resonancia Magnética Nuclear | ||
| 650 | |a Magnetismo | ||
| 650 | |a Política - |z Cuba - |x Historia | ||
| 650 | |a Cuba - |x Historia - |y 1810-1898 | ||
| 650 | |a Cuba - |x Historia - |y Siglo XIX | ||
| 650 | |a Cuba - |x Historia - |y Epoca Colonial, 1514-1898 | ||
| 650 | |a Parapsicología | ||
| 650 | |a Física | ||
| 650 | |a Psicología | ||
| 650 | |a Martí, José | ||
| 910 | |a Fondo General | ||
| 920 | |a Impresos - Libros | ||
| 930 | |a Colección General | ||
| 905 | |a 101 | ||
| 901 | |a 0500085781 |b IT1 |c ACC |u 20250521 | ||
| 902 | |a https://opac.biblio.iteso.mx/vufind/Record/000154278 | ||